| 000 | 00778nam a2200313 a 4500 | ||
|---|---|---|---|
| 003 | AR-BaBNM | ||
| 005 | 20251128210415.0 | ||
| 008 | 082120s2002 ||||||||||||||000 | spa|| | ||
| 020 | _a84-376-0199-1 | ||
| 040 | _cAR-BaBNM | ||
| 100 | 1 | _aGóngora, Luis de | |
| 245 | 0 | 0 | _aSoledades |
| 250 | _a4ª ed. | ||
| 260 |
_aMadrid _bEdiciones Cátedra _c1984 |
||
| 300 | _a174 p. | ||
| 490 | 0 |
_aLetras hispánicas _vv. 102 |
|
| 500 | _aContiene referencias bibliográficas | ||
| 650 | 4 | _aLITERATURA ESPAÑOLA | |
| 650 | 4 | _aRENACIMIENTO | |
| 650 | 4 | _aRECURSOS LITERARIOS | |
| 650 | 4 | _aCULTERANISMO | |
| 650 | 4 | _aPOESIA | |
| 653 | _aBARROCO | ||
| 653 | _aMANIERISMO | ||
| 655 | _aLITERATURA | ||
| 700 | 1 |
_aBeverley, John _eeditor |
|
| 942 | _cBK | ||
| 998 | _cMARTIN | ||
| 999 |
_c15346 _d15346 |
||